| 000 | 00613nam a2200217 u 4500 | ||
|---|---|---|---|
| 005 | 20260206064025.0 | ||
| 008 | 120315s2002 es r 000 0 spa d | ||
| 020 | _a8425509351 | ||
| 035 | _aUPN01000183705 | ||
| 049 | _aCG | ||
| 050 | 4 |
_aGV1446 _bP6.2 2002 |
|
| 100 | 1 | _aPonce Sala, Lorenzo | |
| 245 | 1 | 0 |
_aAjedrez : _btáctica y estrategias en el medio juego / _cLorenzo Ponce Sala. |
| 250 | _a3a ed. | ||
| 260 |
_aBarcelona, Esp. : _bHispano Europea, _c2002. |
||
| 300 |
_a164 p. : _bil. |
||
| 440 | 0 | _aJaque mate | |
| 650 | 4 |
_aAjedrez _xEstudio y enseñanza _91977 |
|
| 905 | _aLibro | ||
| 999 |
_c155808 _d155808 |
||